000 00680cam a2200217 a 4500
020 _a0470216824 (Wiley)
020 _a0582045649
082 0 0 _a624.15136
_bWHI
_cL-1, P-95
100 1 _aWhitlow, R.
_942533
245 1 0 _aBasic soil mechanics /
_cR. Whitlow.
250 _a2nd ed.
260 _aHarlow, Essex, England :
_bLongman Scientific & Technical ;
_aNew York :
_bWiley,
_c1990.
300 _axvi, 528 p. :
_bill. ;
_c24 cm.
500 _aIncludes index.
526 _a0
_b0
_c0
_d624_151360000000000_WHI
526 _a0
_b0
_c0
_d624_151360000000000_WHI
526 _a0
_b0
_c0
_d624_151360000000000_WHI
650 0 _aMCE
_9379
650 0 _aSoil mechanics.
942 _2ddc
_cBK
999 _c546404
_d546404